Rừng ngập mặn (Rừng sát) ; Tiềm năng và sử dụng
Zapisane w:
| 1. autor: | |
|---|---|
| Format: | Książka |
| Język: | Undetermined |
| Wydane: |
Hà Nội
Nông nghiệp
1988
|
| Hasła przedmiotowe: | |
| Etykiety: |
Dodaj etykietę
Nie ma etykietki, Dołącz pierwszą etykiete!
|
| Thư viện lưu trữ: | Trung tâm Học liệu Trường Đại học Cần Thơ |
|---|
| LEADER | 00637nam a2200193Ia 4500 | ||
|---|---|---|---|
| 001 | CTU_13312 | ||
| 008 | 210402s9999 xx 000 0 und d | ||
| 082 | |a 634.97342 | ||
| 082 | |b H455/T1 | ||
| 100 | |a Phan, Nguyên Hồng | ||
| 245 | 0 | |a Rừng ngập mặn (Rừng sát) ; | |
| 245 | 0 | |b Tiềm năng và sử dụng | |
| 245 | 0 | |c Phan Nguyên Hồng, Nguyễn Bội Quỳnh, Nguyễn Hoàng Trí | |
| 260 | |a Hà Nội | ||
| 260 | |b Nông nghiệp | ||
| 260 | |c 1988 | ||
| 650 | |a Forests and forestry,Mangrove | ||
| 904 | |i Qhieu (sua) | ||
| 980 | |a Trung tâm Học liệu Trường Đại học Cần Thơ | ||